[Event "Raipur Chhattisgarh"]
[Site "Raipur"]
[Date "2022.09.26"]
[Round "8"]
[White "Arya, Bhakta"]
[Black "Chitlange, Sakshi"]
[Result "1/2-1/2"]
[WhiteElo "2053"]
[BlackElo "2252"]
[PlyCount "108"]
[EventDate "2022.09.19"]
[EventType "swiss"]
[EventRounds "10"]
[EventCountry "IND"]
[SourceTitle "CBM 210 Extra"]
[Source "ChessBase"]
[SourceDate "2022.11.30"]
[SourceVersion "1"]
[SourceVersionDate "2022.11.30"]
[SourceQuality "1"]

1. d4 d5 2. Bf4 c5 3. e3 Nc6 4. Nf3 cxd4 5. exd4 Bg4 6. c3 e6 7. Qb3 Qd7 8. Nbd2 f6 9. Bd3 Nge7 10. 0-0 g5 11. Be3 Bf5 12. Ne1 Bxd3 13. Nxd3 Nf5 14. Rae1 Bd6 15. Qd1 h5 16. b4 b6 17. Qb1 Kf7 18. f4 Qc7 19. c4 Nxe3 20. Rxe3 gxf4 21. Rh3 Nxd4 22. cxd5 exd5 23. Qd1 Rae8 24. Kh1 Qc2 25. Qxc2 Nxc2 26. Nxf4 Bxf4 27. Rxf4 Re1+ 28. Nf1 d4 29. Rhf3 Rh6 30. h3 Rd1 31. Kh2 Nxb4 32. Rf5 h4 33. Rf2 Ke6 34. Rb5 Nd3 35. Re2+ Kd6 36. Nd2 Nc5 37. Rb4 Kd5 38. Nf3 Ne6 39. Rb5+ Nc5 40. Re7 d3 41. Rb4 Ne6 42. Rxa7 Kc5 43. Rb3 Ng5 44. Rc3+ Kb4 45. Rb3+ Kc5 46. Rc7+ Kd6 47. Rcc3 Nxf3+ 48. gxf3 Rd2+ 49. Kh1 Rxa2 50. Rxb6+ Ke5 51. Rxd3 Ra1+ 52. Kh2 Ra2+ 53. Kh1 Ra1+ 54. Kh2 Ra2+ 1/2-1/2

[Event "Raipur Chhattisgarh"]
[Site "Raipur"]
[Date "2022.09.24"]
[Round "6"]
[White "Arya, Bhakta"]
[Black "Arpita, Mukherjee"]
[Result "1-0"]
[WhiteElo "2053"]
[BlackElo "2293"]
[PlyCount "91"]
[EventDate "2022.09.19"]
[EventType "swiss"]
[EventRounds "10"]
[EventCountry "IND"]
[SourceTitle "CBM 210 Extra"]
[Source "ChessBase"]
[SourceDate "2022.11.30"]
[SourceVersion "1"]
[SourceVersionDate "2022.11.30"]
[SourceQuality "1"]

1. e4 c5 2. Nf3 d6 3. d4 cxd4 4. Nxd4 Nf6 5. Nc3 a6 6. Bg5 e6 7. f4 h6 8. Bh4 Qb6 9. a3 Be7 10. Bf2 Qc7 11. Qf3 Nbd7 12. 0-0-0 b5 13. g4 Bb7 14. h4 Nc5 15. Bd3 d5 16. e5 Nfe4 17. Bxe4 Nxe4 18. Rh3 Rc8 19. Be1 Bc5 20. Nce2 a5 21. f5 Qxe5 22. Bg3 Nxg3 23. Rxg3 0-0 24. g5 h5 25. g6 fxg6 26. Rxg6 exf5 27. Qxh5 Rce8 28. Kb1 f4 29. Rg5 Qe3 30. Nf5 Rxf5 31. Rxf5 Rf8 32. Nxf4 Rxf5 33. Qxf5 Qe4 34. Qxe4 dxe4 35. Rd7 Bc6 36. Rc7 Bd6 37. Rxc6 Bxf4 38. Re6 e3 39. Re4 Bh6 40. c3 Kf7 41. Kc2 Kf6 42. Kd3 Kf5 43. Rd4 Bf4 44. Ke2 Kg4 45. h5 a4 46. Rb4 1-0

[Event "BAN-chT 1st League"]
[Site "Dhaka"]
[Date "2021.03.03"]
[Round "7.4"]
[White "Kishor, Shazzad"]
[Black "Arya, Bhakta"]
[Result "0-1"]
[WhiteElo "1735"]
[BlackElo "2003"]
[PlyCount "120"]
[EventDate "2021.02.25"]
[EventType "team-tourn"]
[EventRounds "11"]
[EventCountry "BAN"]
[SourceTitle "EXT 2022"]
[Source "ChessBase"]
[SourceDate "2021.10.06"]
[SourceVersion "1"]
[SourceVersionDate "2021.10.06"]
[SourceQuality "1"]
[WhiteTeam "Dhaka Knight's CC"]
[BlackTeam "Sultana Kamal Smirity Pathagar"]
[WhiteTeamCountry "BAN"]
[BlackTeamCountry "BAN"]

1. c4 e6 2. g3 Nf6 3. Bg2 d5 4. Nf3 c5 5. cxd5 Nxd5 6. 0-0 Be7 7. Nc3 Nc6 8. d4 0-0 9. dxc5 Nxc3 10. bxc3 Bxc5 11. Qxd8 Rxd8 12. a4 e5 13. Nd2 Na5 14. Ne4 Be7 15. Be3 f5 16. Bc5 Kf7 17. Bxe7 Kxe7 18. Ng5 Kf6 19. Nf3 Be6 20. Rfb1 Bc4 21. Rb2 Rac8 22. Rd2 Rxd2 23. Nxd2 Bxe2 24. Rc1 b6 25. Bf1 Bxf1 26. Kxf1 Nc4 27. Ke2 e4 28. Ra1 Na5 29. Rc1 g5 30. g4 Nc4 31. gxf5 Nxd2 32. Kxd2 Rc4 33. Ra1 Kxf5 34. a5 b5 35. a6 Kf4 36. Rb1 Rc5 37. Ke2 h5 38. Rb3 h4 39. Kf1 h3 40. Ke2 Rc6 41. Rxb5 Rxa6 42. c4 Ra2+ 43. Kf1 a5 44. c5 e3 45. c6 Rxf2+ 46. Ke1 Rc2 47. Rxa5 Rxc6 48. Ra8 Rc1+ 49. Ke2 Rc2+ 50. Ke1 Rxh2 51. Rf8+ Kg3 52. Re8 Rh1+ 53. Ke2 Ra1 54. Rxe3+ Kg2 55. Re5 g4 56. Re4 g3 57. Kd2 Ra2+ 58. Kd3 h2 59. Rh4 h1Q 60. Rxh1 Kxh1 0-1

[Event "BAN-chT 1st League"]
[Site "Dhaka"]
[Date "2021.03.02"]
[Round "6.4"]
[White "Arya, Bhakta"]
[Black "Ankit, Ray"]
[Result "1-0"]
[WhiteElo "2003"]
[BlackElo "1661"]
[PlyCount "87"]
[EventDate "2021.02.25"]
[EventType "team-tourn"]
[EventRounds "11"]
[EventCountry "BAN"]
[SourceTitle "EXT 2022"]
[Source "ChessBase"]
[SourceDate "2021.10.06"]
[SourceVersion "1"]
[SourceVersionDate "2021.10.06"]
[SourceQuality "1"]
[WhiteTeam "Sultana Kamal Smirity Pathagar"]
[BlackTeam "Mir CC"]
[WhiteTeamCountry "BAN"]
[BlackTeamCountry "BAN"]

1. d4 d5 2. c4 dxc4 3. e3 Nf6 4. Bxc4 e6 5. Nf3 c5 6. 0-0 a6 7. Nbd2 Nc6 8. dxc5 Bxc5 9. a3 b5 10. Be2 Qc7 11. b4 Be7 12. Bb2 Bb7 13. Rc1 0-0 14. Qc2 Rac8 15. Ng5 e5 16. Nde4 Nxe4 17. Nxe4 Qb8 18. Qb1 Qa8 19. Bf3 f6 20. Nc3 a5 21. Nd5 axb4 22. Rxc6 Rxc6 23. Nxe7+ Kh8 24. Bxc6 Bxc6 25. Nxc6 Qxc6 26. axb4 Rd8 27. Rd1 Rxd1+ 28. Qxd1 h6 29. Qd8+ Kh7 30. Qd3+ Kh8 31. h3 Kg8 32. e4 Kh7 33. Bc3 Qa6 34. f4 Qa7+ 35. Kh2 exf4 36. e5+ Kg8 37. exf6 gxf6 38. Qg6+ Qg7 39. Qxg7+ Kxg7 40. Kg1 Kg6 41. Kf2 Kf5 42. Kf3 h5 43. h4 Ke6 44. Kxf4 1-0

[Event "BAN-chT 1st League"]
[Site "Dhaka"]
[Date "2021.03.01"]
[Round "5.4"]
[White "Arya, Bhakta"]
[Black "Islam, Kazi Taherul"]
[Result "1-0"]
[WhiteElo "2003"]
[BlackElo "1957"]
[PlyCount "93"]
[EventDate "2021.02.25"]
[EventType "team-tourn"]
[EventRounds "11"]
[EventCountry "BAN"]
[SourceTitle "EXT 2022"]
[Source "ChessBase"]
[SourceDate "2021.10.06"]
[SourceVersion "1"]
[SourceVersionDate "2021.10.06"]
[SourceQuality "1"]
[WhiteTeam "Sultana Kamal Smirity Pathagar"]
[BlackTeam "Basir Memorial"]
[WhiteTeamCountry "BAN"]
[BlackTeamCountry "BAN"]

1. d4 Nf6 2. Bf4 d6 3. Nc3 Nbd7 4. Nf3 g6 5. e4 Bg7 6. Qd2 c5 7. d5 Qa5 8. Nb5 Qxd2+ 9. Bxd2 0-0 10. Nc3 a6 11. a4 h6 12. Be2 Rb8 13. a5 Re8 14. 0-0 Nf8 15. Rfb1 Bd7 16. b4 cxb4 17. Rxb4 Rbc8 18. Ra3 Rc7 19. Bd3 Bg4 20. Na4 N6d7 21. Rab3 Bxf3 22. gxf3 Ne5 23. Kg2 Nxd3 24. cxd3 Rb8 25. Be3 g5 26. h4 gxh4 27. Rc4 Rxc4 28. dxc4 Rc8 29. c5 Rc7 30. Nb6 Ng6 31. f4 dxc5 32. Nc4 Bd4 33. Kh3 f6 34. Kg4 Kg7 35. Rb1 Kh7 36. Kh5 Nh8 37. Kxh4 Nf7 38. Kg4 Kg6 39. Rd1 Bxe3 40. Nxe3 Nd6 41. e5 f5+ 42. Kf3 Ne4 43. Rg1+ Ng5+ 44. fxg5 hxg5 45. Nc4 Rd7 46. d6 e6 47. Rh1 1-0

[Event "Udaipur Lakecity op 1st"]
[Site "Udaipur"]
[Date "2019.09.14"]
[Round "3"]
[White "Arya, Bhakta"]
[Black "Neelotpal, Das"]
[Result "1/2-1/2"]
[WhiteElo "2081"]
[BlackElo "2433"]
[PlyCount "59"]
[EventDate "2019.09.13"]
[EventType "swiss"]
[EventRounds "10"]
[EventCountry "IND"]
[SourceTitle "EXT 2020"]
[Source "ChessBase"]
[SourceDate "2019.10.17"]
[SourceVersion "1"]
[SourceVersionDate "2019.10.17"]
[SourceQuality "1"]

1. d4 Nf6 2. Nf3 b6 3. Bg5 Bb7 4. Nbd2 d5 5. e3 Nbd7 6. c3 g6 7. Bd3 Bg7 8. Qe2 Ne4 9. h4 Nxg5 10. hxg5 e5 11. Nxe5 Nxe5 12. dxe5 Qxg5 13. f4 Qe7 14. e4 0-0-0 15. exd5 Bxd5 16. Be4 Kb8 17. Bxd5 Rxd5 18. 0-0-0 h5 19. Nf3 Rhd8 20. Rxd5 Rxd5 21. Rd1 Qd7 22. c4 Rxd1+ 23. Qxd1 Kc8 24. Qxd7+ Kxd7 25. Kd2 f6 26. Kd3 c5 27. Ke4 Ke6 28. b3 f5+ 29. Ke3 Bf8 30. Ng5+ 1/2-1/2

[Event "Udaipur Lakecity rapid op 1st"]
[Site "Udaipur"]
[Date "2019.09.14"]
[Round "4"]
[White "Sahoo, Utkal Ranjan"]
[Black "Arya, Bhakta"]
[Result "1-0"]
[WhiteElo "2329"]
[BlackElo "2081"]
[PlyCount "123"]
[EventDate "2019.09.14"]
[EventType "swiss (rapid)"]
[EventRounds "9"]
[EventCountry "IND"]
[SourceTitle "EXT 2020"]
[Source "ChessBase"]
[SourceDate "2019.10.17"]
[SourceVersion "1"]
[SourceVersionDate "2019.10.17"]
[SourceQuality "1"]

1. d4 d5 2. c4 c6 3. Nc3 Nf6 4. cxd5 cxd5 5. Bf4 Nc6 6. e3 Bg4 7. Qb3 Qd7 8. h3 Be6 9. Nf3 Ne4 10. Rc1 f6 11. Bd3 Nxc3 12. Rxc3 g5 13. Bg3 Bg7 14. a3 0-0 15. Qc2 h6 16. h4 g4 17. Nd2 h5 18. Nb3 Bf7 19. Nc5 Qc8 20. 0-0 e6 21. Nxb7 Qxb7 22. Rxc6 Rac8 23. Bc7 Be8 24. Rc3 Bf7 25. Rc1 f5 26. b4 Bf6 27. g3 Kg7 28. Qa4 Be8 29. Qa6 Qxa6 30. Bxa6 Ra8 31. Bb7 Bb5 32. Bd6 Bc4 33. Bxa8 Rxa8 34. a4 Rc8 35. b5 Bd8 36. Bc5 Bb6 37. Rxc4 dxc4 38. Rxc4 Kf7 39. Kf1 e5 40. Ke2 Ke6 41. Rc2 Kd5 42. Kd2 Ra8 43. Kd3 e4+ 44. Kc3 Bxc5 45. dxc5 Kxc5 46. Kb3+ Kb6 47. Rc6+ Kb7 48. Rf6 Rd8 49. Rxf5 Rd2 50. a5 Re2 51. Rf7+ Kb8 52. Kc4 Ra2 53. a6 Rd2 54. Kc5 Rc2+ 55. Kd4 Rb2 56. Rf5 Rb4+ 57. Kc3 Rb1 58. Rxh5 Kc7 59. Rf5 Kb6 60. h5 Rd1 61. Kc4 Rc1+ 62. Kd4 1-0

[Event "Commonwealth-ch"]
[Site "New Delhi"]
[Date "2019.07.04"]
[Round "6"]
[White "Rathnakaran, Kantholi"]
[Black "Arya, Bhakta"]
[Result "1-0"]
[WhiteElo "2338"]
[BlackElo "2050"]
[PlyCount "77"]
[EventDate "2019.06.30"]
[EventType "swiss"]
[EventRounds "9"]
[EventCountry "IND"]
[SourceTitle "CBM 191 Extra"]
[Source "ChessBase"]
[SourceDate "2019.09.30"]
[SourceVersion "1"]
[SourceVersionDate "2019.09.30"]
[SourceQuality "1"]

1. e4 c5 2. Nf3 d6 3. c3 Nf6 4. Be2 Bd7 5. d3 g6 6. Nbd2 Bg7 7. Nf1 Nc6 8. Ng3 0-0 9. h4 h5 10. Bg5 Qb6 11. Qd2 e5 12. Nh2 Be6 13. Bxf6 Bxf6 14. Bxh5 gxh5 15. Nxh5 Bh8 16. Qh6 Qc7 17. Nf3 f6 18. Ng5 Rfe8 19. Qg6+ Kf8 20. Nxf6 Qg7 21. Qxg7+ Bxg7 22. Nxe8 Rxe8 23. Nxe6+ Rxe6 24. g4 Rg6 25. g5 Nd8 26. Ke2 Ne6 27. Kf3 Kf7 28. Kg4 Bf8 29. b4 Be7 30. bxc5 Nxc5 31. Rh3 Ne6 32. Rb1 b6 33. d4 Rg8 34. Rf3+ Nf4 35. Rh1 Kg6 36. Rd1 a5 37. dxe5 dxe5 38. Rd7 Bc5 39. Rxf4 1-0

[Event "Commonwealth-ch"]
[Site "New Delhi"]
[Date "2018.07.03"]
[Round "9"]
[White "Arya, Bhakta"]
[Black "Kushagra, Mohan"]
[Result "0-1"]
[WhiteElo "2004"]
[BlackElo "2308"]
[PlyCount "98"]
[EventDate "2018.06.26"]
[EventType "swiss"]
[EventRounds "9"]
[EventCountry "IND"]
[SourceTitle "CBM 185 Extra"]
[Source "ChessBase"]
[SourceDate "2018.07.29"]
[SourceVersion "1"]
[SourceVersionDate "2018.07.29"]
[SourceQuality "1"]

1. d4 Nf6 2. Bf4 g6 3. Nc3 d5 4. e3 Bg7 5. h4 c5 6. Nb5 Na6 7. c3 cxd4 8. exd4 0-0 9. h5 Bg4 10. Qd2 Nxh5 11. Qd1 Nf6 12. Qd2 Nh5 13. Bh6 Nf6 14. Bf4 Nh5 15. Bh6 Qb6 16. Bxg7 Kxg7 17. f3 Bd7 18. g4 Bxb5 19. Bxb5 Qxb5 20. gxh5 f6 21. hxg6 hxg6 22. Qh6+ Kf7 23. Qh7+ Ke6 24. 0-0-0 Rae8 25. Qxg6 Kd7 26. Re1 Kc8 27. f4 e5 28. Ne2 e4 29. Rh7 Kb8 30. f5 Rc8 31. a3 Ka8 32. Nf4 Qb3 33. Ne2 Qb5 34. Nf4 Qb3 35. Qg3 Rc6 36. Rh2 Rfc8 37. Rc2 b5 38. Re3 Qa2 39. Kd1 b4 40. Qg2 Rc4 41. Qg3 R4c6 42. Qg2 Rc4 43. Qf2 Qb1+ 44. Rc1 Rxd4+ 45. Nd3 Rxd3+ 46. Rxd3 Qxd3+ 47. Ke1 Qb1 48. Kd1 Qd3+ 49. Ke1 bxc3 0-1

[Event "Commonwealth-ch"]
[Site "New Delhi"]
[Date "2018.06.27"]
[Round "2"]
[White "Arya, Bhakta"]
[Black "Siva, Mahadevan"]
[Result "1/2-1/2"]
[WhiteElo "2004"]
[BlackElo "2346"]
[PlyCount "67"]
[EventDate "2018.06.26"]
[EventType "swiss"]
[EventRounds "9"]
[EventCountry "IND"]
[SourceTitle "CBM 185 Extra"]
[Source "ChessBase"]
[SourceDate "2018.07.29"]
[SourceVersion "1"]
[SourceVersionDate "2018.07.29"]
[SourceQuality "1"]

1. d4 Nf6 2. Bf4 g6 3. Nc3 Bg7 4. e4 d5 5. e5 Ne4 6. Nxe4 dxe4 7. Bc4 0-0 8. c3 c5 9. Ne2 Nc6 10. 0-0 cxd4 11. cxd4 Bg4 12. Be3 Na5 13. b3 a6 14. h3 Nxc4 15. bxc4 Be6 16. Qc2 Rc8 17. c5 Bd5 18. Nc3 f6 19. Nxe4 fxe5 20. dxe5 Bxe5 21. Rad1 e6 22. Nc3 Rf7 23. Nxd5 exd5 24. Qb3 d4 25. f4 Bg7 26. f5 Qe7 27. Bxd4 Bxd4+ 28. Rxd4 Kg7 29. f6+ Rxf6 30. Rxf6 Kxf6 31. Rd6+ Kg7 32. Qc3+ Kg8 33. Qc4+ Kh8 34. Qd4+ 1/2-1/2

[Event "IND-ch U13 31st"]
[Site "Jalandhar"]
[Date "2017.06.24"]
[Round "5"]
[White "Kushagra, Mohan"]
[Black "Arya, Bhakta"]
[Result "1-0"]
[WhiteElo "2003"]
[BlackElo "1991"]
[PlyCount "109"]
[EventDate "2017.06.21"]
[EventType "swiss"]
[EventRounds "11"]
[EventCountry "IND"]
[SourceTitle "CBM 179 Extra"]
[Source "ChessBase"]
[SourceDate "2017.08.23"]
[SourceVersion "1"]
[SourceVersionDate "2017.08.23"]
[SourceQuality "1"]

1. e4 c5 2. Nf3 e6 3. d4 cxd4 4. Nxd4 Nc6 5. Nc3 Qc7 6. Ndb5 Qb8 7. Be3 a6 8. Bb6 axb5 9. Nxb5 Bb4+ 10. c3 Ba5 11. Nc7+ Qxc7 12. Bxc7 Bxc7 13. Qg4 Kf8 14. Bb5 Nge7 15. 0-0 h5 16. Qe2 g6 17. a4 Kg7 18. Rad1 d5 19. f4 dxe4 20. Qxe4 h4 21. g4 Bb6+ 22. Kh1 Nd5 23. Rd3 Nf6 24. Qf3 Na7 25. c4 Nxb5 26. axb5 Bc5 27. g5 Nh5 28. Qe4 Be7 29. Qe5+ Kh7 30. f5 gxf5 31. g6+ fxg6 32. Qc7 Re8 33. Rd8 Rxd8 34. Qxe7+ Kh6 35. Qxd8 b6 36. Qxb6 e5 37. Qc6 Rb8 38. Qc7 Ra8 39. b6 e4 40. b7 Bxb7 41. Qxb7 Rd8 42. Qb4 e3 43. Qe7 Rd3 44. c5 f4 45. Qf8+ Kg5 46. Qe7+ Kh6 47. Qxh4 e2 48. Re1 f3 49. c6 g5 50. Qf2 Nf4 51. c7 Nh3 52. Qb6+ Kh5 53. c8Q f2 54. Qh8+ Kg4 55. Qe6+ 1-0

[Event "IND-ch U13 31st"]
[Site "Jalandhar"]
[Date "2017.06.22"]
[Round "3"]
[White "Arya, Bhakta"]
[Black "Mahitosh, Dey"]
[Result "1-0"]
[WhiteElo "1991"]
[BlackElo "1721"]
[PlyCount "81"]
[EventDate "2017.06.21"]
[EventType "swiss"]
[EventRounds "11"]
[EventCountry "IND"]
[SourceTitle "CBM 179 Extra"]
[Source "ChessBase"]
[SourceDate "2017.08.23"]
[SourceVersion "1"]
[SourceVersionDate "2017.08.23"]
[SourceQuality "1"]

1. d4 d5 2. Bf4 Nf6 3. e3 e6 4. Bd3 c5 5. c3 Nc6 6. Nd2 Bd6 7. Bxd6 Qxd6 8. f4 Bd7 9. Nh3 Qe7 10. Qf3 Ng8 11. 0-0 f5 12. Kh1 Nf6 13. Rae1 Nd8 14. Nf2 h5 15. Qe2 a6 16. Nf3 Nf7 17. Nh3 g6 18. Ne5 Nxe5 19. fxe5 Nh7 20. c4 dxc4 21. Bxc4 b5 22. Bd3 0-0 23. Nf4 Kg7 24. e4 cxd4 25. exf5 exf5 26. e6 Bc6 27. Qe5+ Nf6 28. Nxg6 Kxg6 29. Rxf5 Ne4 30. Rxe4 Rxf5 31. Rf4 Qg5 32. Qxf5+ Qxf5 33. Rxf5 Kh6 34. Rf6+ Kg5 35. Rf5+ Kh6 36. e7 Kg7 37. Rxh5 Kf7 38. Rh7+ Kg8 39. Rh6 Bd5 40. Rd6 Bb7 41. Bg6 1-0

[Event "IND-ch U13 31st"]
[Site "Jalandhar"]
[Date "2017.06.22"]
[Round "2"]
[White "Manthan, Kashyap Datta"]
[Black "Arya, Bhakta"]
[Result "0-1"]
[WhiteElo "1565"]
[BlackElo "1991"]
[PlyCount "86"]
[EventDate "2017.06.21"]
[EventType "swiss"]
[EventRounds "11"]
[EventCountry "IND"]
[SourceTitle "CBM 179 Extra"]
[Source "ChessBase"]
[SourceDate "2017.08.23"]
[SourceVersion "1"]
[SourceVersionDate "2017.08.23"]
[SourceQuality "1"]

1. e4 c5 2. Nf3 e6 3. d4 cxd4 4. Nxd4 Nc6 5. Nb5 d6 6. c4 a6 7. N5a3 Nf6 8. Nc3 Be7 9. Be2 h5 10. Be3 Ne5 11. f3 Bd7 12. 0-0 Bc6 13. Bd4 Ng6 14. Qd2 h4 15. Rad1 Rc8 16. Nc2 Qd7 17. Nb4 Nh5 18. Nxc6 bxc6 19. Na4 Rb8 20. c5 d5 21. e5 Nhf4 22. Nb6 Qc7 23. Bxa6 Bg5 24. Qc3 Ne7 25. Bd3 Nf5 26. Bxf5 Ne2+ 27. Kh1 Nxc3 28. Bxc3 exf5 29. a4 Be3 30. b4 Rxb6 31. cxb6 Qxb6 32. a5 Qa6 33. f4 d4 34. Rf3 0-0 35. Bxd4 Qe2 36. Bxe3 Qxd1+ 37. Bg1 Qb1 38. Rc3 Qxb4 39. Rxc6 Qe4 40. Rc3 Ra8 41. Re3 Qd5 42. h3 Rxa5 43. Rc3 Ra2 0-1

[Event "Chennai op 9th"]
[Site "Chennai"]
[Date "2017.01.21"]
[Round "4"]
[White "Yogit, S."]
[Black "Arya, Bhakta"]
[Result "1-0"]
[WhiteElo "2239"]
[BlackElo "1883"]
[PlyCount "57"]
[EventDate "2017.01.18"]
[EventType "swiss"]
[EventRounds "10"]
[EventCountry "IND"]
[SourceTitle "CBM 176 Extra"]
[Source "ChessBase"]
[SourceDate "2017.03.02"]
[SourceVersion "1"]
[SourceVersionDate "2017.03.02"]
[SourceQuality "1"]

1. e4 c5 2. Nf3 Nc6 3. d4 cxd4 4. Nxd4 e6 5. Nc3 Qc7 6. Be3 a6 7. Bd3 Nf6 8. 0-0 b5 9. a3 Bb7 10. Kh1 h5 11. f4 Ng4 12. Bg1 Bd6 13. e5 Be7 14. Qe2 g5 15. Ne4 gxf4 16. Nd6+ Bxd6 17. exd6 Qxd6 18. Nf5 Qd5 19. Rad1 Nf6 20. c4 bxc4 21. Bb1 0-0-0 22. Rxd5 exd5 23. Nd6+ Kc7 24. Nxf7 Rde8 25. Qf2 Rhf8 26. Qb6+ Kb8 27. Nd6 Nd8 28. Nxe8 Nxe8 29. Qxd8+ 1-0

[Event "Chennai op 9th"]
[Site "Chennai"]
[Date "2017.01.19"]
[Round "3"]
[White "Arya, Bhakta"]
[Black "Gukesh, Dommaraju"]
[Result "0-1"]
[WhiteElo "1883"]
[BlackElo "2236"]
[PlyCount "72"]
[EventDate "2017.01.18"]
[EventType "swiss"]
[EventRounds "10"]
[EventCountry "IND"]
[SourceTitle "CBM 176 Extra"]
[Source "ChessBase"]
[SourceDate "2017.03.02"]
[SourceVersion "1"]
[SourceVersionDate "2017.03.02"]
[SourceQuality "1"]

1. d4 d5 2. Bf4 c6 3. c3 Qb6 4. Qb3 Bf5 5. e3 e6 6. Nd2 Nf6 7. h3 Nbd7 8. Ngf3 h6 9. Be2 Be7 10. 0-0 0-0 11. Bh2 c5 12. c4 Qc6 13. Rac1 Rfc8 14. Rfd1 Bh7 15. cxd5 exd5 16. Bb5 Qe6 17. Bxd7 Nxd7 18. Qxb7 c4 19. e4 Bxe4 20. Nxe4 dxe4 21. Re1 f5 22. d5 Nc5 23. Qxa8 Qa6 24. Qxc8+ Qxc8 25. Ne5 Qb7 26. Red1 Nd3 27. Nxd3 cxd3 28. d6 Bd8 29. b3 g5 30. Rc4 f4 31. g3 e3 32. fxe3 fxe3 33. Rxd3 Qf3 34. Rc2 Bb6 35. Rc8+ Kh7 36. Rc7+ Kg6 0-1

[Event "Chennai op 9th"]
[Site "Chennai"]
[Date "2017.01.19"]
[Round "2"]
[White "Masango, Spencer"]
[Black "Arya, Bhakta"]
[Result "0-1"]
[WhiteElo "2198"]
[BlackElo "1883"]
[PlyCount "64"]
[EventDate "2017.01.18"]
[EventType "swiss"]
[EventRounds "10"]
[EventCountry "IND"]
[SourceTitle "CBM 176 Extra"]
[Source "ChessBase"]
[SourceDate "2017.03.02"]
[SourceVersion "1"]
[SourceVersionDate "2017.03.02"]
[SourceQuality "1"]

1. Nf3 f5 2. c4 Nf6 3. Nc3 e6 4. g3 d5 5. Bg2 c6 6. 0-0 Bd6 7. d4 Nbd7 8. Qc2 Ne4 9. Nd2 0-0 10. f3 Nxd2 11. Bxd2 f4 12. gxf4 Rxf4 13. Bxf4 Bxf4 14. e4 Qh4 15. h3 e5 16. Qf2 Qg5 17. h4 Qh6 18. Rfe1 exd4 19. Qxd4 Be5 20. Qf2 d4 21. Nd1 Nc5 22. Bf1 Ne6 23. Qg2 Qxh4 24. Nf2 Nf4 25. Qh1 Qg3+ 26. Bg2 d3 27. Kf1 Bd4 28. Qg1 Be6 29. Rad1 d2 30. Rxd2 Bxc4+ 31. Rde2 Nxe2 32. Rxe2 Qg5 0-1

[Event "IND-ch U11"]
[Site "Odisha"]
[Date "2014.07.25"]
[Round "2"]
[White "Arya, Bhakta"]
[Black "Koustav, Chatterjee"]
[Result "0-1"]
[WhiteElo "1464"]
[BlackElo "1881"]
[PlyCount "88"]
[EventDate "2014.07.24"]
[EventType "swiss"]
[EventRounds "11"]
[EventCountry "IND"]
[SourceTitle "CBM 161 Extra"]
[Source "ChessBase"]
[SourceDate "2014.08.29"]
[SourceVersion "1"]
[SourceVersionDate "2014.08.29"]
[SourceQuality "1"]

1. e4 c6 2. d4 d5 3. exd5 cxd5 4. c4 Nf6 5. Nc3 Nc6 6. Be3 g6 7. h3 Bg7 8. Nf3 0-0 9. Be2 b6 10. 0-0 Bb7 11. Rc1 dxc4 12. Bxc4 Rc8 13. Bd3 Nb4 14. Bb1 Nbd5 15. Qe2 a6 16. Rfd1 b5 17. a3 Nxc3 18. bxc3 Nd5 19. Bd2 Nb6 20. Ne5 Qd5 21. f3 Qd6 22. Nd3 Bd5 23. Nc5 Nc4 24. a4 e5 25. axb5 axb5 26. Be3 exd4 27. cxd4 Qe7 28. Be4 Bxe4 29. fxe4 Rxc5 30. dxc5 Qxe4 31. Rd3 Nxe3 32. Re1 Re8 33. Kh1 Bh6 34. Qd2 Bg5 35. Rd5 h6 36. Rd4 Qf5 37. h4 Bf4 38. Qf2 g5 39. hxg5 hxg5 40. Qf3 Kg7 41. Kg1 Qxc5 42. Rxf4 gxf4 43. Re2 Ng4+ 44. Rf2 Re1# 0-1